| 000 | 01788nam a2200265Ia 4500 | ||
|---|---|---|---|
| 001 | 21824 | ||
| 005 | 20260320113315.0 | ||
| 008 | 260320s9999||||xx |||||||||||||| ||und|| | ||
| 041 | _aESP | ||
| 082 |
_aHR 387.5 N° 1 2025 _bRM |
||
| 100 |
_a _e |
||
| 110 | _aFondo de Publicaciones de la Dirección General de Comunicación e Intereses Marítimos | ||
| 245 | 0 |
_aRevista de Marina _b |
|
| 246 |
_a _5 _b |
||
| 260 |
_aCallao : _bFondo de Publicaciones de la Dirección General de Comunicación e Intereses Marítimos, _c2025 |
||
| 300 |
_a121 páginas : _bfotografías, gráficos ; _c24 cm. _e |
||
| 440 |
_a _n _v |
||
| 505 | _aEnero-Marzo 2025 ARTÍCULOS - Discurso por el 75 aniversario de los Servicios Industriales de la Marina - SIMA Perú - El largo e intenso proceso para la elaboración y promulgación de la Política Nacional Marítima - Los riesgos del determinismo tecnológico - La operación Atalanta y la implicación española como parte de la Fuerza Naval Europea - Reto postpandemia: Inseguridad cibernética - Estrategia Naval de la India ante la creciente influencia china en el Océano Índico - Elementos Fundamentales de las Operaciones Militares: Tecnología, Técnicas, Tácticas, Tareas y Tiempo (5T) - Análisis del arma láser Helios - Los países de América Latina y la Convención de las Naciones Unidas sobre Derecho del Mar - Estrategia 2023 de la OMI sobre reducción de gases de efecto invernadero procedentes de los buques: Desafíos para el Perú - Anotaciones para un posible Diccionario Bibliográfico, parte II | ||
| 650 | _aCIS | ||
| 653 | _aPerú. Marina de Guerra - Revista | ||
| 654 | _aCAN | ||
| 700 |
_a _c |
||
| 856 |
_u _z |
||
| 942 |
_cREV _dJUS _fMAT _2ddc _n |
||
| 999 |
_c21824 _d21824 |
||